| 000 | 01099nam a22002415i 4500 | ||
|---|---|---|---|
| 001 | 177523 | ||
| 003 | ES-MaACL | ||
| 005 | 20230906220345.0 | ||
| 008 | 110330s1971 sp ao |||| | spa d | ||
| 080 | _a577.2 | ||
| 245 | 0 | 0 |
_aCitología molecular de la biosíntesis del RNA nucleolar _b: estudio ultraestructural y autorradiográfico de los linfocitos humanos transformados / _cG. Forteza Bover ... [et al.] ; con la asistencia técnica de I. Salazar Pérez y F. Ripoll Ivars. |
| 260 |
_aValencia : _b[s. n.], _c1971. |
||
| 300 |
_a153 p. : _bil. bl. y n. ; _c25 cm. |
||
| 490 | 1 |
_aMonografías del Instituto de Investigaciones Citológicas de la Caja de Ahorros y M. de P. de Valencia ; _v1 |
|
| 504 | _aBibliografía: p. 149-153. | ||
| 650 | 4 |
_aARN. _9145910 |
|
| 700 | 1 |
_aForteza Bover, G. _951862 |
|
| 700 | 1 |
_aSalazar Pérez, I. _9145908 |
|
| 700 | 1 |
_aRipoll Ivars, F. _9145909 |
|
| 830 | 0 |
_aMonografías del Instituto de Investigaciones Citológicas de la Caja de Ahorros y M. de P. de Valencia ; _v1 _9224193 |
|
| 852 |
_aES-MaACL _jE-14735 _xOlim P-1624 |
||
| 999 |
_c177523 _d177523 |
||